000 00278nam a22001217a 4500
005 20170620150504.0
008 170620b xxu||||| |||| 00| 0 eng d
041 _aeng
245 _aINFORMATION GUIDE: ESE, GATE, PSUs
260 _bENGINEERS ACADEMY
300 _a23
942 _cBK
999 _c5470
_d5468